| 000 | 01245nam a2200313 i 4500 | ||
|---|---|---|---|
| 001 | 000027556 | ||
| 003 | DO-SdBNP | ||
| 005 | 20240927073748.0 | ||
| 007 | ta | ||
| 008 | 110401s1973 dr c 000 0 spa d | ||
| 040 |
_aDO-SdBNP _bspa _cBNPHU _erda |
||
| 082 | 4 |
_a972.93 _bA162c, 1973 _222 |
|
| 100 | 1 |
_aAbreu Licairac, Rafael, _954647 _eautor |
|
| 245 | 1 | 0 |
_aConsideraciones acerca de nuestra independencia y sus prohombres / _cRafael Abreu Licairac ; estudio, Joaquín Balaguer ; prefacio, Jorge Tena Reyes |
| 250 | _a2a. edición | ||
| 264 |
_aSanto Domingo : _bBona Rivera & Asociados, _c1973. |
||
| 300 |
_a121 páginas : _b22 cm. |
||
| 336 |
_2rdacontent _atexto _btxt |
||
| 337 |
_2rdamedia _asin mediación _bn |
||
| 338 |
_2rdacarrier _avolumen _bnc |
||
| 490 |
_aBiblioteca Pedro Henríquez Ureña _v1 |
||
| 590 | _aInventariado, 2020/VM | ||
| 651 | 4 |
_aRepública Dominicana _xHistoria _y1844-1930 _vEnsayos, conferencias, etc. _918262 |
|
| 651 | 4 |
_aRepública Dominicana _xHistoria _yOcupación haitiana, 1822-1844 _vEnsayos, conferencias, etc. _954648 |
|
| 700 | 1 |
_a Balaguer, Joaquín, _d1906-2002 _eestudio _976556 |
|
| 700 | 1 |
_aTena Reyes, Jorge, _eprefacio _98252 |
|
| 910 | _aValidado. Control de calidad EMS | ||
| 942 |
_2ddc _cLBS1 |
||
| 999 |
_c27048 _d27048 |
||